पाणिनीयं वैदिकव्याकरणम् (Record no. 1311791)
[ view plain ]
| 000 -LEADER | |
|---|---|
| fixed length control field | 01125nam a22002417a 4500 |
| 005 - DATE AND TIME OF LATEST TRANSACTION | |
| control field | 20250505160539.0 |
| 008 - FIXED-LENGTH DATA ELEMENTS--GENERAL INFORMATION | |
| fixed length control field | 250505b |||||||| |||| 00| 0 eng d |
| 020 ## - INTERNATIONAL STANDARD BOOK NUMBER | |
| International Standard Book Number | 978-93-85538-40-7 (hbk) |
| 037 ## - SOURCE OF ACQUISITION | |
| Terms of availability | TB |
| 040 ## - CATALOGING SOURCE | |
| Original cataloging agency | CRL |
| Transcribing agency | CRL |
| 041 ## - LANGUAGE CODE | |
| Source of code | hin |
| Language code of text/sound track or separate title | hin |
| Language code of original | san |
| 084 ## - COLON CLASSIFICATION NUMBER | |
| Classification number | P15,Cx1,1:g Q9 |
| Assigning agency | CRL |
| 100 ## - MAIN ENTRY--PERSONAL NAME | |
| Personal name | दीक्षित, पुष्पा |
| 9 (RLIN) | 157825 |
| 245 ## - TITLE STATEMENT | |
| Title | पाणिनीयं वैदिकव्याकरणम् |
| 260 ## - PUBLICATION, DISTRIBUTION, ETC. | |
| Place of publication, distribution, etc. | दिल्ली, भारत: |
| Name of publisher, distributor, etc. | ज्ञानभारती पब्लिकेशन्स, |
| Date of publication, distribution, etc. | 2009. |
| 300 ## - PHYSICAL DESCRIPTION | |
| Extent | 165पृ0 |
| 365 ## - TRADE PRICE | |
| Price amount | 595.00 |
| Currency code | INR |
| 650 ## - SUBJECT ADDED ENTRY--TOPICAL TERM | |
| Topical term or geographic name entry element | संस्कृत भाषा व्याकरण |
| 9 (RLIN) | 159257 |
| 650 ## - SUBJECT ADDED ENTRY--TOPICAL TERM | |
| Topical term or geographic name entry element | पाणिनी |
| 9 (RLIN) | 754382 |
| 700 ## - ADDED ENTRY--PERSONAL NAME | |
| Personal name | दीक्षित, पुष्पा |
| Relator term | संपादक |
| 9 (RLIN) | 157825 |
| 942 ## - ADDED ENTRY ELEMENTS (KOHA) | |
| Source of classification or shelving scheme | Colon Classification (CC) |
| Koha item type | Textbook |
| Classification part | P15,Cx1,1:g Q9 |
| Suppress in OPAC | No |
| Withdrawn status | Lost status | Source of classification or shelving scheme | Damaged status | Not for loan | Home library | Current library | Date acquired | Source of acquisition | Cost, normal purchase price | Inventory number | Total Checkouts | Full call number | Barcode | Date last seen | Date last checked out | Price effective from | Koha item type |
|---|---|---|---|---|---|---|---|---|---|---|---|---|---|---|---|---|---|
| Colon Classification (CC) | Central Library | Arts Library | 2025-05-05 | एस. के. बुक डिस्ट्रिब्यूटर्स | 595.00 | 6695 & 2025-03-06 | 1 | P15,Cx1,1:g Q9 | CL1923580 | 2026-01-05 | 2025-12-22 | 2025-05-05 | Textbook |
